Mecánica de las vibraciones

Bibliographic Details
Main Author: Hartog, J.P. Den
Format: Section = Libro
Language:Undetermined
Spanish
Published: México Continental 1964
Edition:4a ed.
Subjects:
LEADER 00556nam a2200217Ia 4500
008 240830s9999 xx 000 0 und d
040 |a B-ESTELÍ- RUACS / 620.3 H334 
041 |a spa 
082 |a 620.3 H334 
100 1 |a Hartog, J.P. Den 
245 1 0 |a Mecánica de las vibraciones 
250 |a 4a ed. 
260 |a México  |b Continental  |c 1964 
300 |a 574 p.:il. 
650 7 |a VIBRACIÓN 
650 7 |b  INGENIERÍA MECÁNICA 
650 7 |c  MAQUINARIA ROTATIVA 
650 7 |d  SISTEMAS VARIABLES 
942 |c BK  |2 ddc 
991 |a TEXTO 
999 |c 11187